000 00315nam a2200133Ia 4500
005 20251222141905.0
008 251222s9999||||xx |||||||||||||| ||spa||
082 _a327.11/R46
100 _aRevel, Jean-Francois
245 0 _aCómo Terminan las Democracias
250 _a1ra.ed.
264 _bPlaneta
942 _cLIB
999 _c8181
_d8181